Ecología basada en zonas de vida (Registro nro. 4205)

Detalles MARC
000 -CABECERA
Campo de control 00891nam a2200265 a 4500
005 - FECHA Y HORA DE LA ULTIMA TRANSACCION
Campo de control 20200104041547.0
008 - ELEMENTOS DE LONGITUD FIJA—INFORMACION GENERAL
Campo de control 891108s1987 cr a r 00010 spa d
020 ## - ISBN
ISBN 9290391316
040 ## - FUENTE DE CATALOGACIÓN
Agencia catalogadora original la
Agencia transcriptora la
041 0# - IDIOMA
Código de idioma para texto/pista de sonido o título separado Español
082 04 - NUMERO DE CLASIFICACION DECIMAL DEWEY
Número de clasificación 581.5
Número del ítem H72e
100 1# - ASIENTO PRINCIPAL--NOMBRE PERSONAL
Nombre personal Holdridge, Leslie R.,
Fechas asociadas con el nombre 1947-
245 10 - MENCION DE TITULO
Título Ecología basada en zonas de vida
Mención de responsabilidad Leslie R. Holdridge ; ilustrado por Joseph A. Tosi ; traductor Humberto Jim�enez Saa.
260 ## - PUBLICACION, DISTRIBUCION, ETC. (PIE DE IMPRENTA)
Lugar de publicación, distribución, etc. San Jose, (Costa Rica) :
Nombre del editor, distribuidor, etc. IICA,
Fecha de publicación, distribución, etc. 1987.
300 ## - DESCRIPCION FISICA
Extensión xv, 216 p. :
Otros detalles físicos il. ;
Dimensiones 23 cm.
504 ## - NOTA DE BIBLIOGRAFIA, ETC.
Nota de bibliografía Incluye bibliografias.
534 ## - NOTA DE VERSION ORIGINAL
Frase introductoria Titulo original.
Título del original Life zone ecology.
650 ## - ASIENTO SECUNDARIO DE MATERIA - TERMINO TEMATICO
Término temático o nombre geográfico como elemento de entrada Ecosistemas.
650 ## - ASIENTO SECUNDARIO DE MATERIA - TERMINO TEMATICO
Término temático o nombre geográfico como elemento de entrada Ecologia vegetal.
650 ## - ASIENTO SECUNDARIO DE MATERIA - TERMINO TEMATICO
Término temático o nombre geográfico como elemento de entrada Ecologia animal.
700 1# - ASIENTO SECUNDARIO - NOMBRE PERSONAL
Nombre personal Tosi, Joseph A.,
Término de relación il.
700 1# - ASIENTO SECUNDARIO - NOMBRE PERSONAL
Nombre personal Jimenez Saa, J. Humberto,
Término de relación tr.
942 ## - ELEMENTOS ADICIONALES (KOHA)
Sistema de clasificación Dewey Decimal Classification
Tipo de ítem Libro
949 ## - LOCAL PROCESSING INFORMATION (OCLC)
a n
b n
Existencias
Withdrawn status Lost status Sistema de Clasificación Damaged status No para préstamo Colección Fecha publicación (Año) Inventariado Ubicación Permanente Ubicación actual Fecha de adquisición Fuente de Valor Valor Total Checkouts Número topográfico Inventario / Código de Barras Date last seen Ejemplar Price effective from Forma de adquisición Tipo de material
    Dewey Decimal Classification     General 2000 Inventariado 2017 Bogotá Bogotá 21/09/2015 Instituto 30000.00   LB-581.5 H72e 016818 04/12/2012 Ej. 1 04/12/2012   Libro
    Dewey Decimal Classification     General 2000 Inventariado 2017 Sala Fabio Quevedo Sala Fabio Quevedo 21/09/2015 Instituto 30000.00   LB-581.5 H72e 022496 21/09/2015 Ej. 2 21/09/2015   Libro